| 000 | 00441nam a2200193Ia 4500 | ||
|---|---|---|---|
| 008 | 170918s9999 xx 000 0 und d | ||
| 020 | _a9780061726835 | ||
| 050 | _bO48 2011 | ||
| 100 | _aOliver, Lauren | ||
| 245 | _aDelirium / | ||
| 245 | _cby Lauren Oliver. | ||
| 250 | _aFirst edition | ||
| 260 | _aNew York : | ||
| 260 | _bHarper, | ||
| 260 | _c2011 | ||
| 300 | _a441 pages : | ||
| 300 | _billustrations ; | ||
| 300 | _c20cm. | ||
| 999 |
_c343583 _d343583 |
||